000
00324nam a22001457a 4500
008
210304b ||||| |||| 00| 0 eng d
020
_a
9780679407812
041
_a
eng
080
_a
7
082
_a
7
100
_a
44
101
_a
ART
245
_a
Renaissance Lives Portraits of an Age
_c
Rabb, TH. K
942
_2
udc
_c
BK
999
_c
55719
_d
55719